Effectif Atlético Madrid 2025/2026 - Statistiques

Statistiques générales
  • Ce quiz a été pris 456 fois
    80 depuis la dernière actualisation
  • Le résultat moyen est 19 sur 24
Statistiques - réponses
Poste Numéro Pays Joueur % Correct
ATT 7 France Antoine Griezmann
100%
COACH - Argentine Diego Simeone
100%
ATT 20 Argentine Giuliano Simeone
100%
ATT 22 Nigeria Ademola Lookman
99%
ATT 19 Argentine Julián Álvarez
99%
ATT 9 Norvège Alexander Sørloth
97%
G 13 Slovénie Jan Oblak
96%
MIL 6 Espagne Koke
93%
DEF 2 Uruguay José María Giménez
87%
DEF 15 France Clément Lenglet
85%
MIL 14 Espagne Marcos Llorente
85%
DEF 16 Argentine Nahuel Molina
78%
DEF 24 Espagne Robin Le Normand
78%
DEF 17 Slovaquie Dávid Hancko
75%
G 1 Argentine Juan Musso
74%
ATT 10 Espagne Álex Baena
69%
MIL 5 Etats-Unis Johnny Cardoso
69%
DEF 3 Italie Matteo Ruggeri
69%
MIL 8 Espagne Pablo Barrios
69%
MIL 11 Argentine Thiago Almada
66%
ATT 23 Argentine Nico González
54%
DEF 18 Espagne Marc Pubill
53%
MIL 21 Mexique Obed Vargas
41%
MIL 4 Espagne Rodrigo Mendoza
38%
Aucun quiz correspondant
Distribution des résultats
% des personnes avec chaque résultat
Percentile par nombre de réponses
Votre historique - résultats
Vous n’avez pas pris ce quiz depuis la dernière actualisation